Nenne alle deutschen Fernsehsender - Statistiken

Allgemein
  • Dieses Quiz wurde 808 mal gespielt
  • Das Durchschnittsergebnis liegt bei 8 aus 15
Antwortstatistiken
Hint Antwort % Korrekt
Zdf
98%
Rtl
97%
Fernsehprogramme Ard
92%
Sat1
88%
Pro7
77%
Rtl 2
74%
Vox
71%
Super Rtl
57%
Kika
49%
Kabel Eins
41%
N-TV
24%
Sixx
21%
Das Erste
18%
Nickelodeon
16%
Comedy central
4%
Keine übereinstimmenden Quizze gefunden
Verteilung der Resultate
Anzahl Personen mit jedem Resultat
Perzentil nach korrekt beantworteten Fragen
Ihre Resultats-Entwicklung
Sie haben dieses Quiz noch nicht gespielt